[Event "SEMI B040 email"]
[Site "SEMI email"]
[Date "2004.02.16"]
[Round "?"]
[White "Bacca, Gianluca"]
[Black "Lanfranco, Maurizio"]
[Result "1-0"]
[WhiteElo "1000"]
[BlackElo "1000"]
[PlyCount "39"]
[EventDate "2004.02.16"]
[EventType "tourn (corr)"]
[EventRounds "6"]
[EventCountry "ITA"]
[SourceTitle "Corr 2008"]
[Source "ChessBase"]
[SourceDate "2008.06.24"]
[SourceVersion "1"]
[SourceVersionDate "2008.06.24"]
[SourceQuality "1"]

1. d4 Nf6 2. c4 g6 3. Nc3 Bg7 4. e4 d6 5. f3 0-0 6. Be3 e5 7. d5 Nbd7 8. Qd2 a5 9. 0-0-0 b6 10. g4 Nc5 11. Bg5 Kh8 12. h4 h5 13. gxh5 gxh5 14. Nge2 Rg8 15. Ng3 Qf8 16. Bh3 Bxh3 17. Rxh3 a4 18. Nf5 a3 19. Rg3 axb2+ 20. Kxb2 1-0

[Event "SEMI B040 email"]
[Site "SEMI email"]
[Date "2004.02.16"]
[Round "?"]
[White "Raiteri, Enrico"]
[Black "Bacca, Gianluca"]
[Result "1-0"]
[WhiteElo "1000"]
[BlackElo "1000"]
[PlyCount "67"]
[EventDate "2004.02.16"]
[EventType "tourn (corr)"]
[EventRounds "6"]
[EventCountry "ITA"]
[SourceTitle "Corr 2008"]
[Source "ChessBase"]
[SourceDate "2008.06.24"]
[SourceVersion "1"]
[SourceVersionDate "2008.06.24"]
[SourceQuality "1"]

1. e4 c5 2. Nf3 d6 3. d4 cxd4 4. Nxd4 Nf6 5. Nc3 a6 6. Be3 e5 7. Nf3 Qc7 8. a4 Be7 9. a5 0-0 10. Be2 Nbd7 11. 0-0 Nc5 12. Nd5 Nxd5 13. exd5 f5 14. Nd2 f4 15. Bxc5 Qxc5 16. Ne4 Qc7 17. Re1 Kh8 18. c3 Bd7 19. Ra3 Rad8 20. Nd2 Qc5 21. Bf3 Rb8 22. b4 Qc8 23. Qe2 Bf5 24. Rc1 Rf6 25. Rb3 Qd7 26. Be4 Rg6 27. c4 Rc8 28. Qd3 Bxe4 29. Nxe4 Qg4 30. Qf3 Qd7 31. Qh3 Qd8 32. c5 Rc7 33. Qd3 Qd7 34. h3 1-0